| Поле | Инд. | ПП | Название | Значение |
|---|---|---|---|---|
| Тип записи | a | |||
| Библиографический уровень | a | |||
| 001 | Контрольный номер | RU/IS/BASE/262109755 | ||
| 005 | Дата корректировки | 20240312091851.9 | ||
| 084 | a | Индекс другой классификации/Индекс ББК | 81в641 | |
| 090 | 00 | a | Полочн. индекс | 81я43 |
| x | Авторский знак | П 781 | ||
| 100 | 10 | a | Автор | Ахманова О. С. |
| 245 | 00 | a | Заглавие | Лингвистика и квантитативный подход |
| 650 | 04 | a | Основная рубрика | общее языкознание |
| a | Основная рубрика | филологические науки | ||
| a | Основная рубрика | языкознание | ||
| 653 | 00 | a | Ключевые слова | дифференциальный уровень |
| a | Ключевые слова | значение | ||
| a | Ключевые слова | квантитативный подход | ||
| a | Ключевые слова | квантификация материала | ||
| a | Ключевые слова | математические методы | ||
| a | Ключевые слова | методология языкознания | ||
| a | Ключевые слова | методы лингвистических исследований | ||
| a | Ключевые слова | семантический уровень | ||
| a | Ключевые слова | статистические методы | ||
| 773 | 00 | d | Дата издания источника | Москва, 1967 |
| g | Прочая информация | С. 5-10 | ||
| t | Заглавие источника | Проблемы языкознания | ||
| w | Контрольный № источника | RU/IS/BASE/102085341 | ||
| 901 | t | Тип документа | a |